| 000 | 00656nam a2200205Ia 4500 | ||
|---|---|---|---|
| 003 | GCL | ||
| 008 | 140319s9999 xx 000 0 ara d | ||
| 040 |
_aGCL / _cGCL |
||
| 082 | 0 | 4 |
_a801 _bو ق |
| 100 | 1 | _aسهير القلماوى | |
| 245 | 1 | 0 |
_aالقارىء العادى : مقالات فى النقد الادبى (هدية من الاديب عبدالفتاح الجمل) / _cسهير القلماوى |
| 700 | 1 | _aوولف , فرجينيا | |
| 700 | 1 | _aعقيلة رمضان | |
| 300 | _a247 ص | ||
| 490 | _a | ||
| 650 | 0 | 4 | _aالادب - تاريخ ونقد |
| 650 | 0 | 4 | _aتاريخ ونقد |
| 650 | 0 | 4 | _aمقالات |
| 942 |
_2ddc _cBK |
||
| 999 |
_c42180 _d42180 |
||